000 00753nam a2200229 a 4500
001 73198
003 BD-RjUL
005 20211209082348.0
008 970811s1956 xx 000 0 und d
035 _a(BD-RjUL)73416
040 _aEQO
_cEQO
_beng
_dBD-RjUL
041 _aeng
082 _223
_a621.3121
_bELE 1956
245 1 0 _aElectric generation, hydro, diesel, and gas-turbine stations /
_ccontrib. F.S. Benson, G.C. Boyer, V.A. Thiemann. B.G.A. Skrotzki, ed.
260 _aNew York :
_bMcGraw-Hill,
_c1956.
300 _a458 p. :
_bill. ;
_c23 cm.
490 1 _aElectric utility library
650 _aElectric power-plants
_9217165
700 1 _aSkrotzki, Bernhardt G. A.
_9202733
830 0 _aElectric utility library
_9217166
942 _2ddc
_cBK
999 _c73198
_d73198